000 00267nam a22001217a 4500
008 180206b xxu||||| |||| 00| 0 eng d
041 _aeng
080 _a32
100 _a22
101 _aPOL
245 _aLANGGING PRODUCTIVITY GROWTH
_cMAITAL,S
942 _2udc
_cBK
999 _c41948
_d41948